000 00227nam a2200085Ia 4500
245 0 _aDeath of an expert witness
100 _a JAMES, P D. Bath, (-2009)
_986311
942 _cBK
008 210817s9999 xx 000 0 und d
999 _c329085
_d329084